Najczęściej zgadywane państwa Afryki na JetPunk - Statystyki

Ogólne statystyki
  • Ten quiz został rozwiązany 27 871 razy
  • Średni wynik to 8 z 10
Statystyki odpowiedzi
% Odgadniętych Państwo % Poprawnych
96% Egipt
98%
92% Republika Południowej Afryki
95%
88% Maroko
83%
89% Niger
82%
86% Algieria
81%
86% Demokratyczna Republika Konga
80%
86% Nigeria
76%
80% Sudan
73%
83% Kongo
67%
90% Madagaskar
64%
Nie znaleziono quizów pasujących do podanych kryteriów
Rozkład punktacji
Procent ludzi z każdym wynikiem
Percentyl według liczby udzielonych odpowiedzi
Twoja historia wyników
Nie rozwiązałeś tego quizu